00998nam a22002657a 4500003000900000005001700009007000300026008004100029020001800070040002600088082001900114100003300133245006800166250001400234260004000248300002200288500007400310590002900384910001400413942001400427952008800441952009300529952009300622999001700715DO-SdBNP20220826102244.0ta211125b2019 dr 00| 0 spa d a9789945614343 aDO-SdBNPbspacBNPHU  4222bR175n 20191 aRamos, Emelda, d1948-9191510aNuevo angelario urbano :bantología personal /cEmelda Ramos. a3ra. ed.  aSanto Domingo : bSantuario,c2019. a76 p. ; c23 cm.  aIncluye datos biográficos de la autora en la solapa de la cubierta. aInventariado, 2021 /LP  aLopérez 2ddccLBS1 00102ddc70aBNPHUbBNPHUd2021-11-25l0p2021-28356r2021-11-25w2021-11-25yLBS1 00102ddc70aBNPHUbBNPHUd2021-11-25l0p2021-28357r2021-11-25te.2w2021-11-25yLBS1 00102ddc70aBNPHUbBNPHUd2021-11-25l0p2021-28358r2021-11-25te.3w2021-11-25yLBS1 c51047d51047